000 00260nam a22001097a 4500
082 _a954/MON
100 _aMondini,Umberto
_983972
245 _aThe history of india an introduction
260 _aJodhpur
_bBooks treasure
_c2021
650 _aHistory
942 _cBK
999 _c68988
_d68988